| 000 | 00402nam a2200157Ia 4500 | ||
|---|---|---|---|
| 008 | 220530s9999 xx 000 0 und d | ||
| 020 | _a9780198082873 | ||
| 041 | _aeng | ||
| 082 | _bCHA | ||
| 100 |
_aChauhan, Naresh _958134 |
||
| 245 | _aPrincipals of Operating Systems | ||
| 250 | _a1 Edition | ||
| 260 |
_aHaryana _bOxford Universtiy Press _c2014 |
||
| 300 |
_a669 P _b PB |
||
| 906 |
_a136.25 _bCOMP |
||
| 999 |
_c52389 _d52389 |
||